La Organización y lucha popular por vivienda en Centroamérica: condicionantes económicos, políticos e ideológicos de su desarrollo durante la crisis /

Αποθηκεύτηκε σε:
Λεπτομέρειες βιβλιογραφικής εγγραφής
Κύριος συγγραφέας: Argüello Rodríguez, Manuel
Συγγραφή απο Οργανισμό/Αρχή: CSUCA. Programa Centroamericano de Ciencias Sociales
Άλλοι συγγραφείς: Vargas Cullell, Jorge Luis
Μορφή: Κείμενο
Έκδοση: San José: Programa Centroamericano de Ciencias Sociales
Ετικέτες: Προσθήκη ετικέτας
Δεν υπάρχουν, Καταχωρήστε ετικέτα πρώτοι!

MARC

LEADER 00000 a a2200000 04500
001 21336
003
040
090 |a 093500  
100 |a Argüello Rodríguez, Manuel  
110 |a CSUCA. Programa Centroamericano de Ciencias Sociales  
245 |a La Organización y lucha popular por vivienda en Centroamérica: condicionantes económicos, políticos e ideológicos de su desarrollo durante la crisis /  |c Manuel Argüello Rodríguez 
260 |a San José:   |b Programa Centroamericano de Ciencias Sociales  
300 |a 42 p.  
700 |a Vargas Cullell, Jorge Luis  
999 |c 17267  |d 17267